Normal view
MARC view
- Executives
Entry Topical Term
001 - CONTROL NUMBER
- control field: 6396
003 - CONTROL NUMBER IDENTIFIER
- control field: OSt
005 - DATE AND TIME OF LATEST TRANSACTION
- control field: 20170519110918.0
008 - FIXED-LENGTH DATA ELEMENTS
- fixed length control field: 170519|| aca||aabn | a|a d
040 ## - CATALOGING SOURCE
- Original cataloging agency: OSt
- Transcribing agency: OSt
150 ## - HEADING--TOPICAL TERM
- Topical term or geographic name entry element: Executives
- General subdivision: Time management
670 ## - SOURCE DATA FOUND
- Source citation: Work cat.: (OSt)0: Blanchard, Kenneth H. 6393, Putting the one minute manager to work :, 1983

PORTAL AKMAL
E-MEL JKDM
AKMAL2U
G-BAM
u-PUSTAKA